ბათუმის შოთა რუსთაველის სახელმწიფო უნივერსიტეტის ბიბლიოთეკა

Educating young children with autism spectrum disorders : (ბიბ.ჩანაწერი № 58056)

000 -LEADER
fixed length control field 01105cam a2200253 i 4500
001 - CONTROL NUMBER
control field 17959297
005 - DATE AND TIME OF LATEST TRANSACTION
control field 20210602135247.0
008 - FIXED-LENGTH DATA ELEMENTS--GENERAL INFORMATION
fixed length control field 131130s2014 nyu b 001 0 eng
020 ## - INTERNATIONAL STANDARD BOOK NUMBER
International Standard Book Number 9781626364059
041 ## - LANGUAGE CODE
Language code of text/sound track or separate title eng
080 ## - UNIVERSAL DECIMAL CLASSIFICATION NUMBER
Universal Decimal Classification number 376.2+616.896 B-24
100 1# - MAIN ENTRY--PERSONAL NAME
Personal name Barton, Erin Elizabeth.
9 (RLIN) 11943
245 10 - TITLE STATEMENT
Title Educating young children with autism spectrum disorders :
Remainder of title a guide for teachers, counselors, and psychologists /
Statement of responsibility, etc. Erin E. Barton, Beth Harn.
250 ## - EDITION STATEMENT
Edition statement First Skyhorse edition.
264 #1 - PRODUCTION, PUBLICATION, DISTRIBUTION, MANUFACTURE, AND COPYRIGHT NOTICE
Place of production, publication, distribution, manufacture New York :
Name of producer, publisher, distributor, manufacturer Skyhorse Publishing,
Date of production, publication, distribution, manufacture, or copyright notice 2014.
300 ## - PHYSICAL DESCRIPTION
Extent 318 pages ;
Dimensions 24 cm.
653 ## - INDEX TERM--UNCONTROLLED
keyword აუტისტი ბავშვები
653 ## - INDEX TERM--UNCONTROLLED
keyword Дети с аутизмом
653 ## - INDEX TERM--UNCONTROLLED
keyword აუტიზმის სპექტრის აშლილობის მქონე მცირეწლოვანი ბავშვების განათლება
700 1# - ADDED ENTRY--PERSONAL NAME
Personal name Harn, Beth.
9 (RLIN) 11944
700 1# - ADDED ENTRY--PERSONAL NAME
Personal name ავტორი
9 (RLIN) 11945
942 ## - ADDED ENTRY ELEMENTS (KOHA)
Source of classification or shelving scheme
Koha item type წიგნი
ეგზემპლარები
Withdrawn status Lost status Source of classification or shelving scheme Damaged status Not for loan Permanent Location Current Location Shelving location Date acquired Cost, normal purchase price Full call number Barcode Date last seen Copy number Price effective from Koha item type Public note
          ბათუმის შოთა რუსთაველის სახელმწიფო უნივერსიტეტის მთავარი ბიბლიოთეკა ბათუმის შოთა რუსთაველის სახელმწიფო უნივერსიტეტის მთავარი ბიბლიოთეკა წიგნსაცავი 2021-06-02 99.00 376.2+616.896 B-24 61351 2021-06-02 61351 2021-06-02 წიგნი 99 ლ.